000 00580nam a2200205 i 4500
001 129407
003 ES-MaACL
005 20250720061138.0
007 t|
008 070614s1979 sp ||||1| spa d
080 _a930.9(093)
245 0 0 _aTextos fundamentales para la Historia /
_cMiguel Artola.
250 _a[2ยช ed.].
260 _a[Madrid] :
_bAlianza,
_c[1979]
300 _a638 p. :
_b23 cm.
650 4 _aHistoria universal-
_xFuentes.
_913433
700 1 _aArtola, Miguel,
_d1923-2020
_923497
852 _aES-MaACL
_jL-5886
_bR.106351
999 _c129407
_d129407